Statistics for U.S. Senate Majority Leaders by Picture

Click here to take the quiz!

General Stats

  • This quiz has been taken 13 times
  • The average score is 8 of 20

Answer Stats

Answer% Correct
Lyndon B. Johnson
100%
Mitch McConnell
83%
Bob Dole
83%
Harry Reid
75%
Tom Daschle
67%
Trent Lott
67%
Robert Byrd
58%
Howard Baker
42%
Robert A. Taft
42%
George Mitchell
42%
Bill Frist
33%
Alben W. Barkley
25%
Henry Cabot Lodge
17%
Mike Mansfield
17%
Charles Curtis
17%
William F. Knowland
8%
Scott W. Lucas
8%
Wallace H. White Jr.
8%
Joseph Taylor Robinson
8%
James E. Watson
0%

Score Distribution

Percentile by Number Answered

Percent of People with Each Score

Your Score History

You have not taken this quiz